Nové trendy v komunikácii obchodnej spoločnosti so zákazníkom bakalárska práca

Salvato in:
Dettagli Bibliografici
Autore principale: Plaganyová, Ivana
Ente Autore: Obchodná fakulta EU. Katedra informatiky obchodných firiem
Altri autori: Potisková, Ingrid
Natura: Libro
Lingua:slovacco
Pubblicazione: Bratislava 2017
Tags: Aggiungi Tag
Nessun Tag, puoi essere il primo ad aggiungerne!!

MARC

LEADER 00000nbm a2200000 4500
001 0232833
005 20171003100536.8
041 0 |a slo 
044 |a SK 
245 1 0 |a Nové trendy v komunikácii obchodnej spoločnosti so zákazníkom  |b bakalárska práca  |c Ivana Plaganyová ; školiteľ: Ingrid Potisková 
264 1 |a Bratislava  |c 2017 
300 |a 49 s. 
100 1 |a Plaganyová, Ivana 
700 1 |a Potisková, Ingrid 
710 2 |a Obchodná fakulta EU. Katedra informatiky obchodných firiem